000 00585nam a2200205Ia 4500
008 230125s9999 xx 000 0 und d
020 _a1-84112-203-3
041 _aeng
082 _a658.15
_bGOU
100 _aGough L
_9109819
245 _aGlobal Finance
260 _c2002
_bCapstone publication
_aLondon
300 _a118p
440 _aEssential Management Thinking At Your Fingertips Series
_9107434
500 _aGlobalization;Series Book;Finance Series Book
650 _aFinancial Management
700 _aGough L
_9109819
906 _b24
999 _c86501
_d86501